Містечко над Сновом (Запис № 580692)
[ простий вигляд ]
| 000 -Лідер | |
|---|---|
| fixed length control field | 01562 a2200241 4500 |
| 001 - Контрольний номер | |
| control field | 2162214035926813 |
| 003 - Ідентифікатор контрольного номера | |
| control field | UA-OsUOA |
| 005 - Дата та час останнього входження (трансакції) | |
| control field | 20260512160732.0 |
| 008 - Елементи даних фіксованої довжини – загальна інформація | |
| fixed length control field | 260512b un ||||| |||| 00| 0 ukr d |
| 020 ## - Міжнародний стандартний книжковий номер (ISBN) | |
| Міжнародний стандартний книжковий номер (ISBN) (НП) | 9789663401973 |
| 040 ## - Джерело каталогізації | |
| Агенція оригінальної каталогізації | UA-OsUOA |
| Мова каталогізації | ukr |
| Агенція, яка здійснювала перезапис | UA-OsUOA |
| Агенція, яка здійснювала модифікацію | UA-OsUOA |
| 041 ## - Код мови | |
| Код мови тексту/ звукової доріжки чи окремого заголовка (П) | ukr |
| 080 ## - Індекс Універсальної десяткової класифікації | |
| Індекс Універсальної десяткової класифікації (УДК) (НП) | 94(477.51) |
| 090 ## - Локальний шифр розміщення | |
| Класифікаційний індекс УДК | 94(477.51) |
| Авторський знак (НП) | М65 |
| 245 ## - Відомості про назву | |
| Назва (НП) | Містечко над Сновом |
| Решта назви (НП) | збірник статей і матеріалів |
| Дані про відповідальність (НП) | ред. колегія: Демченко Т. П., Коваленко О. Б., Коваленко В. П. |
| 260 ## - Публікація, розповсюдження і т.п. (Вихідні дані) | |
| Місце публікації, розповсюдження і т.п. (П) | Ніжин |
| Ім’я/ наймення видавництва, розповсюджувача і т.п. (П) | ТОВ "Видавництво "Аспект-Поліграф" |
| Дата публікації, розповсюдження і т.п. (П) | 2007 |
| 300 ## - Фізичний опис | |
| Обсяг | 340 с. |
| 520 ## - Резюме і т.п. | |
| Резюме, реферат, анотація, тощо (НП) | На підставі призабутих і нововиявлених джерел, значна частина яких уперше запроваджується до наукового обігу, у збірнику відтворено багате історичне минуле та сьогодення старовинного містечка над Сновом - Седнева, який відіграв помітну роль в історії Чернігово-Сіверщини.<br/>Для науковців, педагогів, краєзнавців, усіх, хто цікавиться історією Чернігово-Сівещини. |
| 650 ## - Додаткове предметне введення – тематичний термін | |
| Тематичний термін чи географічна назва, як елемент введення (НП) | 94(477) Історія України |
| 9 (RLIN) | 1446 |
| 942 ## - Додаткові елементи входу (Коха) | |
| Тип елемента Koha | Книги |
| Source of classification or shelving scheme | Universal Decimal Classification |
| 955 ## - Код типу видання за змістом | |
| Код типу видання за змістом (НП) | Науково-популярні видання |
| Стан вилучень | Стан втрат | Джерело класифікації або схеми стелажів | Стан уражень | Не для кредиту | Код колекції | Постійне місце розташування | Поточне розміщення | Дата придбання | Джерело придбання | Вартість, звичайна ціна покупки | Інвентарний номер | Усього замовленно | Повний номер виклику | Штрих-код | Дата останнього перегляду | Вартість, ціна заміни | Ціна ефективна від | Тип елемента Koha |
|---|---|---|---|---|---|---|---|---|---|---|---|---|---|---|---|---|---|---|
| Universal Decimal Classification | Колекція Шевчука Валерія | АБ - Абонемент НБ | АБ - Абонемент НБ | 12/05/2026 | Акт №24/28.04.2026 | 15.00 | 169928 | 94(477.51) М65 | 169928 | 12/05/2026 | 15.00 | 12/05/2026 | Книги |